| 000 | 00675nam a2200217 4500 | ||
|---|---|---|---|
| 003 | OSt | ||
| 005 | 20221014161243.0 | ||
| 008 | 220505s2006 ck ao||gr|||| 00| 0 spa d | ||
| 020 | _a9583020087 | ||
| 040 |
_aCO-JMCR _cCO-JMCR |
||
| 041 | 0 | _aspa | |
| 082 | 0 | 4 |
_a133.3337 / _bP959f _223 |
| 100 | 1 |
_aPérsico, Lucrecia, _dautora _942069 |
|
| 245 | 1 | 0 |
_aFeng shui : _bel arte oriental del bienestar / _cLucrecia Pérsico ; |
| 260 |
_aBogotá : _bPanamericana, _c2006. |
||
| 300 |
_a191 páginas : _bilustraciones y fotografías en blanco y negro ; _c24 cm. |
||
| 490 | _a | ||
| 650 | 1 | 4 |
_aFeng Shui _942070 |
| 650 | 1 | 4 |
_aArte oriental _xfeng shui _942071 |
| 942 |
_2ddc _cBK |
||
| 999 |
_c29216 _d15870 |
||